000 01082nam a22002297a 4500
005 20250925175342.0
008 240315b ||||| |||| 00| 0 eng d
082 _aDPer 621.381 In821 August 2022 v. 37 n. 8
100 _aLi, Si.
_eauthor.
_954763
245 _aImproved modulation strategy for reactive energy transmission loss of auxiliary commutated circuit of novel parallel RDCL inverter /
_cSi Li, Ming Yang, Yu Ma, Jiang Long, Yangyang Chen, Dianguo Xu, and Frede Blaabjerg.
260 _aNew York ;
_bThe Institute of Electrical and Electronics Engineers, Inc. ,
_cAugust 2022.
300 _aVolume 37, pages 9362- 9376 :
_billustration. ;
_c28 cm.
500 _aIEEE Transitions on Power Electronics, v. 37 n. 8, pages 9362- 9376, August 2022.
700 _aLi, Si.
_eauthor.
_954763
700 _aYang, Ming.
_eauthor.
_954764
700 _aMa, Yu.
_eauthor.
_954765
700 _aLong, Jiang.
_eauthor.
_954766
700 _aChen, Yangyang.
_eauthor.
_954767
700 _aXu, Dianguo.
_eauthor.
_954768
700 _aBlaabjerg, Frede.
_eauthor.
_954769
942 _2ddc
_cPER
999 _c19701
_d19701